00383nam a2200121Ia 4500008004100000245007200041260004500113260000900158300000800167500001100175650001300186856006200199170516s9999 xx 000 0 und d 2aA practical guide to pharmaceutical polymorph screening & selection bAsian Journal of Pharmaceutical Sciences c2014 a9:4 aAugust xPharmacy uhttp://www.sciencedirect.com/science/journal/18180876/9/4